| 000 | 00557nam a2200193Ia 4500 | ||
|---|---|---|---|
| 003 | GCL | ||
| 008 | 140319s9999 xx 000 0 eng d | ||
| 020 | _a9772473097 | ||
| 040 |
_aGCL / _cGCL |
||
| 082 | 0 | 4 |
_aCC _b932 _bC J |
| 245 | 1 | 0 | _aTHE JOURNAL OF THE FACULTY OF ARCHAEOLOGY 1978 |
| 260 |
_aالقاهرة : _bCENTRAL AGENCY FOR UNIVERSITY AND SCHOOL BOOKS ، _c1978 |
||
| 300 |
_a28 CM ؛ _c108 P |
||
| 650 | 0 | 4 | _aARCHAEOLOGY |
| 650 | 0 | 4 | _aEGYPTOLOGY |
| 650 | 0 | 4 | _aARCHAEOLOGY - HISTORY |
| 650 | 0 | 4 | _aANCIENT EGYPT - ARCHAEOLOGY |
| 942 |
_2ddc _cBK |
||
| 999 |
_c19248 _d19248 |
||